00653 a2200193 4500001000700000003000400007005001700011008004100028020001800069082001800087100001800105245009200123260003900215300001000254690005800264942001200322999001500334952011000349131920OSt20211005164114.0  a9789814299824 a541.345bB45I1 aBerg, John C.1 aAn introduction to interfaces and colloids : the bridge to nanosciencecby John C. Berg aNew JerseybWorld Scientificc2010 a785p. aNanoscience; Colloids; Interfaces (Physical sciences) 2ddccBK c6314d6314 00102ddc40708TXBaCURAJbCURAJd2012-06-08eCHMg8.00o541.345 B45Ip8701r2024-11-21w2020-09-02yBK